00307nam a2200121Ia 4500008004100000082001600041100001800057245006300075250000800138260002300146300000800169650000800177191201s2008 xx 000 0 und d a658.18bHII aHILL, Charles 0aInternational Business Competing in the Global Marketplace a5th aN.DelhibTMHc2008 a942 aMBA